Estudio de prefactibilidad técnica y costeo para la instalación de una planta formuladora de agroquímicos para el riego aéreo de los mismos en plantaciones de banano
Збережено в:
| Автор: | |
|---|---|
| Інші автори: | |
| Формат: | Книга |
| Опубліковано: |
San José, Costa Rica
2005
|
| Предмети: | |
| Теги: |
Додати тег
Немає тегів, Будьте першим, хто поставить тег для цього запису!
|
MARC
| LEADER | 00000nam a2200000Ia 4500 | ||
|---|---|---|---|
| 003 | 010287 | ||
| 005 | 20240320112928.0 | ||
| 008 | 140114s2005 cr a m 000 ||s d | ||
| 040 | |c cru CEDI | ||
| 090 | |a TFG 5163 | ||
| 100 | |a Bonilla Alpízar, Natalia, 1979- |9 2728 | ||
| 245 | |a Estudio de prefactibilidad técnica y costeo para la instalación de una planta formuladora de agroquímicos para el riego aéreo de los mismos en plantaciones de banano | ||
| 260 | |a San José, Costa Rica |c 2005 | ||
| 300 | |a xiii, 129 hojas, [6] hojas plegables : ilustraciones | ||
| 500 | |a Proyecto de graduación (licenciatura en ingeniería química)--Universidad de Costa Rica. Facultad de Ingeniería. Escuela de Ingeniería Química | ||
| 501 | |a Director de Proyecto de Graduación: Ing. Michael Henry Chacón Scheidelaar | ||
| 650 | |x INDUSTRIAS QUIMICAS |x DISEÑOS Y PLANOS |x CONTROL DE PROCESOS QUIMICOS |x ASPECTOS LEGALES |x ASPECTOS AMBIENTALES |x PRODUCTOS QUIMICOS AGRICOLAS |x INGENIERÍA QUÍMICA |9 5813 | ||
| 700 | |a Chacón Scheidelaar, Michael Henry, 1959-2010 |d Director del TFG |9 1524 | ||
| 942 | |c TFG |h TFG 5163 |i 010287 |6 TFG_5163_010287000000000 | ||
| 999 | |c 17260 |d 17260 | ||
